Set forth your case: (Record no. 8668)

000 -LEADER
fixed length control field 00564nam a2200181 a 4500
001 - CONTROL NUMBER
control field :::00006444$&:&@@
003 - CONTROL NUMBER IDENTIFIER
control field OkBaRHE
005 - DATE AND TIME OF LATEST TRANSACTION
control field 20000607103331.0
008 - FIXED-LENGTH DATA ELEMENTS--GENERAL INFORMATION
fixed length control field s1971 j 000 0 eng u
040 ## - CATALOGING SOURCE
Transcribing agency
100 1# - MAIN ENTRY--PERSONAL NAME
Personal name Pinnock, Clark H.
245 10 - TITLE STATEMENT
Title Set forth your case:
Remainder of title studies in Christian apologetics.
260 ## - PUBLICATION, DISTRIBUTION, ETC. (IMPRINT)
Place of publication, distribution, etc Chicago, IL., :
Name of publisher, distributor, etc Moody Press
Date of publication, distribution, etc 1971
300 ## - PHYSICAL DESCRIPTION
Extent 144 p. ;
Dimensions 18 cm.
650 ## - SUBJECT ADDED ENTRY--TOPICAL TERM
Topical term or geographic name as entry element Apologetics
General subdivision 20th Century
942 ## - ADDED ENTRY ELEMENTS (KOHA)
Source of classification or shelving scheme
Koha item type Books
Copies
Koha item type Permanent Location Copy number Lost status Date checked out Price effective from Damaged status Date acquired Not for loan Source of classification or shelving scheme Full call number Current Location Barcode Total Checkouts Withdrawn status Shelving location Date last seen
BooksRHEMA Bible Training College1 2013-09-202010-04-14 2010-04-14  BT 1102 .P48RHEMA Bible Training College64441 General Stacks2014-01-31